00935nam a2200205Ia 4500003000900000008004100009020001800050040001600068080002400084111009100108245025400199260003700453300001400490650002600504700002700530700003000557942000700587999001700594952011800611IN-BaIIA211028s9999 xx 000 0 eng d a2-86332-190-0 cIIA Library a530.145(082.1)bCHA aWorkshop in Astronomy and Astrophysics of Chamonixn4thcFranced1994 Feb. 7-12921655 0aChaos and diffusion in Hamiltonian systemsbproceedings of the fourth workshop in astronomy and astrophysics of Chamonix, held in Chamonix, France, 7-12 Feb 1994cedited by D. Benest and C. Froeschle  aFrancebEdition Frontieresc1995 aix, 287p. aQuantum physics92816 aBenest, D., ed.921656 aFroeschle, C., ed.921657 cBK c12382d12382 00104070aBANbBANcGENd1998-02-18eEDF l0o530.145(082.1)/ CHAp13298r2021-11-05w1998-02-18yBK 51.00